[Event "World Youth & Cadets Rapid Championships"]
[Site "Rhodes, Greece"]
[Date "2022.05.02"]
[Round "7.28"]
[White "Modith, Aaroh Mutyalapati"]
[Black "Kovacs, Balazs"]
[Result "1-0"]
[TimeControl "10'/game & 5\"/move"]
[WhiteElo "1598"]
[BlackElo "1397"]

1. e4 {[%clk 00:10:05]} {[%emt 00:46:26]} e5 {[%emt 00:00:01]} 2. Nf3 {[%clk
00:10:05]} {[%emt 00:00:01]} Nc6 {[%clk 00:10:06]} {[%emt 00:00:05]} 3. Bb5
{[%clk 00:10:09]} {[%emt 00:00:02]} a6 {[%clk 00:10:07]} {[%emt 00:00:04]} 4.
Bxc6 {[%clk 00:10:12]} {[%emt 00:00:01]} dxc6 {[%clk 00:10:10]} {[%emt
00:00:03]} 5. Nc3 {[%clk 00:10:16]} {[%emt 00:00:01]} Bg4 {[%clk 00:10:13]}
{[%emt 00:00:02]} 6. h3 {[%clk 00:10:19]} Bxf3 {[%clk 00:10:10]} {[%emt
00:00:09]} 7. Qxf3 {[%clk 00:10:22]} {[%emt 00:00:01]} Nf6 {[%clk 00:10:10]} 8.
d3 {[%clk 00:10:26]} {[%emt 00:00:06]} Bd6 {[%clk 00:09:13]} 9. Bg5 {[%clk
00:10:29]} {[%emt 00:01:04]} Qe7 {[%clk 00:09:11]} 10. O-O-O {[%clk 00:10:29]}
{[%emt 00:00:12]} O-O-O {[%clk 00:09:08]} 11. Qe3 {[%clk 00:10:11]} {[%emt
00:00:32]} h6 12. Bxf6 {[%clk 00:09:54]} Qxf6 {[%clk 00:08:48]} {[%emt
00:00:23]} 13. Qa7 {[%clk 00:09:19]} {[%emt 00:00:40]} Qg5+ {[%emt 00:00:40]}
14. Kb1 {[%emt 00:00:04]} Qxg2 {[%clk 00:06:46]} {[%emt 00:01:24]} 15. Rhg1
{[%clk 00:09:22]} {[%emt 00:00:02]} Qf3 {[%clk 00:06:40]} {[%emt 00:00:10]} 16.
Rxg7 {[%clk 00:09:20]} {[%emt 00:00:07]} Bb4 {[%clk 00:06:32]} {[%emt
00:00:14]} 17. Rdg1 {[%clk 00:08:26]} {[%emt 00:00:59]} Bxc3 {[%clk 00:06:25]}
{[%emt 00:00:13]} 18. bxc3 {[%clk 00:08:29]} {[%emt 00:00:01]} Rhf8 {[%clk
00:05:55]} {[%emt 00:00:35]} 19. Ka1 {[%clk 00:08:11]} {[%emt 00:00:23]} Qe2
{[%clk 00:05:29]} {[%emt 00:00:30]} 20. Rb1 {[%clk 00:06:59]} {[%emt 00:01:18]}
Qxc2 {[%clk 00:04:47]} {[%emt 00:00:48]} 21. Qxb7+ {[%clk 00:07:02]} Kd7 {[%clk
00:04:50]} {[%emt 00:00:02]} 22. Qb3 {[%clk 00:07:04]} {[%emt 00:00:03]} Qxf2
{[%clk 00:03:37]} {[%emt 00:01:18]} 23. Qc4 {[%clk 00:04:46]} {[%emt 00:02:23]}
a5 {[%clk 00:02:23]} {[%emt 00:01:20]} 24. d4 {[%clk 00:04:46]} {[%emt
00:00:04]} exd4 {[%clk 00:01:19]} {[%emt 00:01:08]} 25. Rf1 {[%clk 00:04:41]}
{[%emt 00:00:11]} Qd2 {[%clk 00:00:37]} {[%emt 00:00:47]} 26. Rfxf7+ {[%clk
00:04:38]} {[%emt 00:00:08]} Rxf7 {[%clk 00:00:40]} {[%emt 00:00:02]} 27. Qxf7+
{[%clk 00:04:41]} {[%emt 00:00:02]} Kd6 {[%emt 00:00:02]} 28. Qxc7+ {[%clk
00:04:44]} {[%emt 00:00:01]} Kc5 {[%clk 00:00:45]} {[%emt 00:00:05]} 29. Qxa5+
{[%clk 00:04:42]} {[%emt 00:00:06]} Kc4 {[%emt 00:00:04]} 30. Qb4+ {[%clk
00:04:31]} {[%emt 00:00:15]} Kd3 {[%clk 00:00:45]} {[%emt 00:00:07]} 31. Rg3+
{[%clk 00:04:34]} {[%emt 00:00:02]} Kxe4 {[%clk 00:00:39]} {[%emt 00:00:10]} 32.
Qe7+ {[%clk 00:04:15]} {[%emt 00:00:24]} Kf5 {[%clk 00:00:20]} {[%emt
00:00:25]} 33. Rf3+ {[%clk 00:04:11]} {[%emt 00:00:08]} Kg6 {[%clk 00:00:20]}
{[%emt 00:00:06]} 34. Qf7+ {[%clk 00:04:15]} {[%emt 00:00:01]} Kg5 {[%clk
00:00:21]} {[%emt 00:00:04]} 35. Qf5+ {[%clk 00:04:16]} {[%emt 00:00:04]} Kh4
{[%clk 00:00:22]} {[%emt 00:00:04]} 36. Qg4# {[%clk 00:04:18]} {[%emt
00:00:03]} 1-0

[Event "World Youth & Cadets Rapid Championships"]
[Site "Rhodes, Greece"]
[Date "2022.05.02"]
[Round "7.29"]
[White "Safin, Safarullakhan"]
[Black "Zhauynbay, Alimzhan"]
[Result "1-0"]
[TimeControl "10'/game & 5\"/move"]
[WhiteElo "1355"]
[BlackElo "1172"]

1. e4 {[%clk 00:10:08]} {[%emt 00:00:02]} c6 {[%clk 00:10:09]} {[%emt
00:00:01]} 2. d4 {[%clk 00:10:11]} {[%emt 00:00:02]} d5 {[%clk 00:10:13]}
{[%emt 00:00:01]} 3. exd5 {[%clk 00:10:12]} {[%emt 00:00:04]} cxd5 {[%clk
00:10:15]} {[%emt 00:00:02]} 4. Bd3 {[%clk 00:10:13]} {[%emt 00:00:05]} Nf6
{[%clk 00:10:18]} {[%emt 00:00:02]} 5. Bf4 {[%clk 00:10:11]} {[%emt 00:00:06]}
Bg4 {[%clk 00:10:21]} {[%emt 00:00:02]} 6. f3 {[%clk 00:10:03]} {[%emt
00:00:14]} Bh5 {[%clk 00:10:23]} {[%emt 00:00:03]} 7. Nd2 {[%clk 00:09:50]}
{[%emt 00:00:18]} e6 {[%clk 00:10:09]} {[%emt 00:00:19]} 8. c3 {[%clk
00:09:52]} {[%emt 00:00:08]} Nbd7 {[%clk 00:10:08]} {[%emt 00:00:11]} 9. Ne2
{[%clk 00:09:48]} {[%emt 00:00:09]} Qb6 {[%clk 00:10:00]} {[%emt 00:00:13]} 10.
b4 {[%clk 00:09:25]} {[%emt 00:00:27]} Bg6 {[%clk 00:09:51]} {[%emt 00:00:14]}
11. Nb3 {[%clk 00:09:12]} {[%emt 00:00:19]} Bxd3 {[%clk 00:09:07]} {[%emt
00:00:48]} 12. Qxd3 {[%clk 00:08:57]} {[%emt 00:00:20]} h6 {[%clk 00:08:47]}
{[%emt 00:00:25]} 13. O-O {[%clk 00:08:31]} {[%emt 00:00:31]} g5 {[%clk
00:08:37]} {[%emt 00:00:15]} 14. Bg3 {[%clk 00:08:31]} {[%emt 00:00:05]} Bd6
{[%clk 00:08:23]} {[%emt 00:00:20]} 15. Bxd6 {[%clk 00:08:21]} {[%emt
00:00:14]} Qxd6 {[%clk 00:08:20]} {[%emt 00:00:08]} 16. Nc5 {[%clk 00:08:11]}
{[%emt 00:00:16]} b6 {[%clk 00:08:01]} {[%emt 00:00:24]} 17. Nb3 {[%clk
00:07:55]} {[%emt 00:00:20]} h5 {[%clk 00:07:45]} {[%emt 00:00:22]} 18. Rae1
{[%clk 00:06:47]} {[%emt 00:01:13]} g4 {[%clk 00:07:00]} {[%emt 00:00:50]} 19.
Ng3 {[%clk 00:06:06]} {[%emt 00:00:46]} h4 {[%clk 00:06:03]} {[%emt 00:01:02]}
20. Nf5 {[%clk 00:06:00]} {[%emt 00:00:10]} Qc7 {[%clk 00:06:02]} {[%emt
00:00:06]} 21. Nd2 {[%clk 00:05:22]} {[%emt 00:00:44]} Kf8 {[%clk 00:05:36]}
{[%emt 00:00:31]} 22. Ne3 {[%clk 00:05:15]} {[%emt 00:00:11]} gxf3 {[%clk
00:05:24]} {[%emt 00:00:18]} 23. Rxf3 {[%clk 00:05:00]} {[%emt 00:00:19]} e5
{[%clk 00:05:05]} {[%emt 00:00:25]} 24. Qf5 {[%clk 00:04:18]} {[%emt 00:00:46]}
Qxc3 {[%clk 00:04:19]} {[%emt 00:00:52]} 25. dxe5 {[%clk 00:03:02]} {[%emt
00:01:21]} Nxe5 {[%clk 00:04:16]} {[%emt 00:00:08]} 26. Rf2 {[%clk 00:02:48]}
{[%emt 00:00:19]} Ne4 {[%clk 00:03:51]} {[%emt 00:00:29]} 27. Nxd5 {[%clk
00:02:20]} {[%emt 00:00:33]} Qd4 {[%clk 00:03:04]} {[%emt 00:00:52]} 28. Qxe4
{[%clk 00:01:49]} {[%emt 00:00:36]} Qxe4 {[%clk 00:03:01]} {[%emt 00:00:08]} 29.
Rxe4 {[%clk 00:01:51]} {[%emt 00:00:03]} Ng6 {[%clk 00:02:56]} {[%emt
00:00:11]} 30. Nc4 {[%clk 00:01:42]} {[%emt 00:00:14]} Rd8 {[%clk 00:02:40]}
{[%emt 00:00:20]} 31. Ne5 {[%clk 00:01:31]} {[%emt 00:00:16]} Rxd5 {[%clk
00:02:43]} {[%emt 00:00:03]} 32. Nxg6+ {[%emt 00:00:05]} Kg7 {[%clk 00:02:42]}
{[%emt 00:00:03]} 33. Nxh8 {[%clk 00:01:35]} {[%emt 00:00:04]} Kxh8 {[%clk
00:02:41]} {[%emt 00:00:06]} 34. Rxf7 {[%clk 00:01:37]} {[%emt 00:00:03]} Rd1+
{[%clk 00:02:41]} {[%emt 00:00:05]} 35. Rf1 {[%clk 00:01:38]} {[%emt 00:00:04]}
Rd8 {[%clk 00:02:44]} {[%emt 00:00:02]} 36. Rxh4+ {[%clk 00:01:41]} {[%emt
00:00:02]} Kg7 {[%clk 00:02:48]} {[%emt 00:00:01]} 37. a4 {[%clk 00:01:43]}
{[%emt 00:00:03]} Kg6 {[%clk 00:02:50]} {[%emt 00:00:02]} 38. a5 {[%emt
00:00:03]} bxa5 {[%clk 00:02:53]} 39. bxa5 {[%clk 00:01:49]} {[%emt 00:00:02]}
Rd5 {[%clk 00:02:58]} {[%emt 00:00:01]} 40. Ra4 {[%clk 00:01:49]} {[%emt
00:00:04]} a6 {[%clk 00:03:02]} {[%emt 00:00:01]} 41. h3 {[%clk 00:01:52]}
{[%emt 00:00:03]} Rb5 {[%clk 00:03:06]} 42. Rc1 {[%clk 00:01:56]} {[%emt
00:00:02]} Kf5 {[%clk 00:03:05]} {[%emt 00:00:06]} 43. Rc6 {[%clk 00:01:57]}
{[%emt 00:00:04]} Re5 {[%clk 00:03:08]} {[%emt 00:00:01]} 44. Rxa6 {[%clk
00:01:59]} {[%emt 00:00:03]} Re8 {[%clk 00:03:13]} 45. Rb6 {[%clk 00:02:01]}
{[%emt 00:00:03]} Re1+ {[%clk 00:03:14]} {[%emt 00:00:04]} 46. Kf2 {[%clk
00:02:05]} {[%emt 00:00:01]} Re8 {[%clk 00:03:16]} {[%emt 00:00:03]} 47. a6
{[%clk 00:02:07]} {[%emt 00:00:04]} Ke5 {[%clk 00:03:19]} {[%emt 00:00:02]} 48.
a7 {[%clk 00:02:08]} {[%emt 00:00:03]} Rf8+ {[%clk 00:03:22]} {[%emt 00:00:02]}
49. Kg1 {[%clk 00:02:11]} {[%emt 00:00:02]} Kd5 {[%clk 00:03:22]} {[%emt
00:00:05]} 50. a8=Q+ {[%clk 00:02:10]} {[%emt 00:00:05]} Rxa8 {[%clk 00:03:24]}
{[%emt 00:00:03]} 51. Rxa8 {[%clk 00:02:12]} {[%emt 00:00:04]} 1-0

[Event "World Youth & Cadets Rapid Championships"]
[Site "Rhodes, Greece"]
[Date "2022.05.02"]
[Round "7.30"]
[White "Skouroupathis, Kyriakos"]
[Black "Popov, Aleksandr And"]
[Result "1/2-1/2"]
[TimeControl "10'/game & 5\"/move"]
[WhiteElo "1236"]
[BlackElo "1244"]

1. e4 {[%clk 00:10:08]} {[%emt 00:00:02]} e5 {[%clk 00:10:09]} {[%emt
00:00:02]} 2. d4 {[%clk 00:10:12]} exd4 {[%clk 00:10:09]} {[%emt 00:00:04]} 3.
c3 {[%clk 00:10:16]} {[%emt 00:00:01]} d5 {[%clk 00:10:09]} {[%emt 00:00:05]} 4.
exd5 {[%clk 00:10:19]} {[%emt 00:00:01]} Qxd5 {[%clk 00:10:11]} {[%emt
00:00:03]} 5. cxd4 {[%clk 00:10:22]} {[%emt 00:00:03]} Nc6 {[%clk 00:09:48]}
{[%emt 00:00:28]} 6. Nf3 {[%clk 00:10:26]} {[%emt 00:00:01]} Nf6 {[%clk
00:09:43]} {[%emt 00:00:10]} 7. Nc3 {[%clk 00:10:26]} {[%emt 00:00:05]} Bb4
{[%clk 00:09:47]} {[%emt 00:00:01]} 8. Bd2 {[%clk 00:10:28]} {[%emt 00:00:04]}
Bxc3 {[%clk 00:09:44]} {[%emt 00:00:07]} 9. Bxc3 {[%clk 00:10:31]} {[%emt
00:00:02]} O-O {[%clk 00:09:35]} {[%emt 00:00:15]} 10. Be2 {[%clk 00:10:28]}
{[%emt 00:00:07]} Bf5 {[%clk 00:09:03]} {[%emt 00:00:37]} 11. O-O {[%clk
00:10:17]} {[%emt 00:00:15]} Rad8 {[%clk 00:08:06]} {[%emt 00:01:03]} 12. b3
{[%clk 00:10:02]} {[%emt 00:00:20]} Rfe8 {[%clk 00:07:31]} {[%emt 00:00:40]} 13.
Bc4 {[%clk 00:09:56]} {[%emt 00:00:11]} Qd7 {[%clk 00:07:29]} {[%emt 00:00:07]}
14. Qd2 {[%clk 00:09:47]} {[%emt 00:00:12]} Ne4 {[%clk 00:07:03]} {[%emt
00:00:33]} 15. Qb2 {[%clk 00:09:34]} {[%emt 00:00:19]} Nxc3 16. Qxc3 {[%clk
00:09:35]} Bg4 {[%clk 00:06:11]} {[%emt 00:00:39]} 17. Ng5 {[%clk 00:09:17]}
{[%emt 00:00:21]} Rf8 {[%clk 00:06:07]} {[%emt 00:00:11]} 18. d5 {[%clk
00:09:03]} {[%emt 00:00:19]} Ne7 {[%clk 00:05:59]} {[%emt 00:00:14]} 19. Rfe1
{[%clk 00:08:43]} {[%emt 00:00:16]} Nxd5 {[%clk 00:05:27]} {[%emt 00:00:46]} 20.
Bxd5 {[%clk 00:08:37]} {[%emt 00:00:09]} Qxd5 {[%clk 00:05:30]} {[%emt
00:00:03]} 21. Re5 {[%clk 00:08:40]} {[%emt 00:00:02]} Qd7 {[%clk 00:05:10]}
{[%emt 00:00:25]} 22. Qc2 {[%clk 00:08:39]} {[%emt 00:00:05]} g6 {[%clk
00:03:53]} {[%emt 00:01:23]} 23. h3 {[%clk 00:08:36]} {[%emt 00:00:07]} Bf5
{[%clk 00:03:52]} {[%emt 00:00:07]} 24. Qe2 {[%clk 00:07:41]} {[%emt 00:00:40]}
Rfe8 {[%clk 00:02:54]} {[%emt 00:01:23]} 25. Rxe8+ {[%clk 00:07:32]} {[%emt
00:00:12]} Rxe8 {[%clk 00:02:58]} {[%emt 00:00:03]} 26. Qb2 {[%clk 00:07:15]}
{[%emt 00:00:21]} Qe7 {[%clk 00:02:26]} {[%emt 00:00:39]} 27. Nf3 {[%clk
00:07:04]} {[%emt 00:00:13]} h6 {[%clk 00:02:03]} {[%emt 00:00:30]} 28. Qc1
{[%clk 00:06:51]} {[%emt 00:00:13]} Kh7 {[%clk 00:02:04]} {[%emt 00:00:09]} 29.
Qb2 {[%clk 00:06:37]} {[%emt 00:00:17]} Qf8 {[%clk 00:02:02]} {[%emt 00:00:10]}
30. Nd4 {[%clk 00:06:04]} {[%emt 00:00:30]} Qg7 {[%clk 00:01:59]} {[%emt
00:00:15]} 31. g4 {[%clk 00:05:31]} {[%emt 00:00:38]} Bd7 {[%clk 00:01:57]}
{[%emt 00:00:07]} 32. Qd2 {[%clk 00:05:08]} {[%emt 00:00:25]} c5 {[%clk
00:01:53]} {[%emt 00:00:13]} 33. Nc2 {[%clk 00:05:05]} {[%emt 00:00:07]} Bc6
{[%clk 00:01:51]} {[%emt 00:00:07]} 34. Rd1 {[%clk 00:04:53]} {[%emt 00:00:15]}
Qb2 {[%clk 00:01:42]} {[%emt 00:00:17]} 35. Qd3 {[%clk 00:04:19]} {[%emt
00:00:36]} Qe5 {[%clk 00:01:34]} {[%emt 00:00:16]} 36. Qc4 {[%clk 00:04:04]}
{[%emt 00:00:20]} Qe6 {[%clk 00:01:21]} {[%emt 00:00:18]} 37. Qc3 {[%clk
00:03:49]} {[%emt 00:00:18]} Qe4 {[%clk 00:01:13]} {[%emt 00:00:15]} 38. f3
{[%clk 00:03:35]} {[%emt 00:00:18]} Qxf3 {[%clk 00:01:13]} {[%emt 00:00:04]} 39.
Qxf3 {[%clk 00:03:36]} {[%emt 00:00:03]} Bxf3 {[%clk 00:01:16]} {[%emt
00:00:04]} 40. Rd7 {[%clk 00:03:28]} {[%emt 00:00:10]} Rf8 {[%clk 00:01:10]}
{[%emt 00:00:14]} 41. Ne3 {[%clk 00:03:24]} {[%emt 00:00:08]} Bc6 {[%clk
00:01:09]} {[%emt 00:00:08]} 42. Rc7 {[%clk 00:03:27]} {[%emt 00:00:01]} Kg7
{[%clk 00:01:09]} {[%emt 00:00:05]} 43. Nc4 {[%clk 00:03:26]} {[%emt 00:00:06]}
Kf6 {[%clk 00:00:56]} {[%emt 00:00:19]} 44. Nd6 {[%clk 00:03:12]} {[%emt
00:00:18]} Ke6 {[%clk 00:00:36]} {[%emt 00:00:25]} 45. Nxb7 {[%clk 00:03:14]}
{[%emt 00:00:02]} Bxb7 46. Rxb7 {[%clk 00:03:18]} Rd8 {[%clk 00:00:38]} {[%emt
00:00:06]} 47. Rxa7 {[%clk 00:03:15]} {[%emt 00:00:08]} f5 {[%clk 00:00:25]}
{[%emt 00:00:19]} 48. Ra6+ {[%clk 00:03:13]} {[%emt 00:00:06]} Kf7 {[%clk
00:00:27]} {[%emt 00:00:03]} 49. gxf5 {[%clk 00:03:16]} {[%emt 00:00:03]} gxf5
{[%clk 00:00:30]} {[%emt 00:00:02]} 50. Rxh6 {[%clk 00:03:19]} {[%emt
00:00:02]} Ra8 {[%clk 00:00:33]} {[%emt 00:00:02]} 51. a4 {[%clk 00:03:21]}
{[%emt 00:00:03]} Rb8 {[%clk 00:00:18]} {[%emt 00:00:20]} 52. Rh7+ {[%clk
00:03:05]} {[%emt 00:00:17]} Kg6 {[%clk 00:00:22]} {[%emt 00:00:04]} 53. Rc7
{[%clk 00:03:09]} {[%emt 00:00:01]} Rxb3 {[%clk 00:00:24]} {[%emt 00:00:03]} 54.
Rxc5 {[%clk 00:03:13]} Rxh3 {[%clk 00:00:26]} {[%emt 00:00:03]} 55. a5 {[%clk
00:03:10]} {[%emt 00:00:08]} Ra3 {[%clk 00:00:27]} {[%emt 00:00:04]} 56. Kf2
{[%clk 00:03:13]} {[%emt 00:00:02]} Kg5 {[%clk 00:00:26]} 57. Kg2 {[%clk
00:03:03]} {[%emt 00:00:21]} Kg4 {[%emt 00:00:03]} 58. Rc4+ {[%clk 00:03:05]}
f4 {[%clk 00:00:31]} {[%emt 00:00:04]} 59. Rc5 {[%clk 00:03:09]} Ra2+ {[%clk
00:00:34]} {[%emt 00:00:02]} 60. Kg1 {[%clk 00:03:11]} {[%emt 00:00:02]} Kf3
{[%clk 00:00:20]} {[%emt 00:00:21]} 61. Rc3+ {[%clk 00:03:00]} {[%emt
00:00:10]} Kg4 {[%clk 00:00:23]} {[%emt 00:00:07]} 62. Rc5 {[%clk 00:02:57]}
{[%emt 00:00:08]} f3 {[%clk 00:00:25]} {[%emt 00:00:03]} 63. Rc4+ {[%clk
00:02:51]} {[%emt 00:00:08]} Kg3 {[%clk 00:00:29]} {[%emt 00:00:04]} 64. Rc1
{[%clk 00:02:55]} {[%emt 00:00:01]} Rxa5 {[%clk 00:00:31]} {[%emt 00:00:04]} 65.
Rf1 {[%clk 00:02:58]} {[%emt 00:00:01]} Ra2 {[%clk 00:00:30]} {[%emt 00:00:06]}
66. Rd1 {[%clk 00:02:48]} {[%emt 00:00:14]} Rg2+ {[%clk 00:00:26]} {[%emt
00:00:10]} 67. Kf1 {[%clk 00:02:46]} {[%emt 00:00:06]} f2 {[%clk 00:00:25]}
{[%emt 00:00:07]} 68. Rd3+ {[%clk 00:02:50]} {[%emt 00:00:01]} Kh2 {[%clk
00:00:29]} {[%emt 00:00:02]} 69. Rd7 {[%clk 00:02:35]} {[%emt 00:00:14]} Rg1+
{[%clk 00:00:17]} {[%emt 00:00:22]} 70. Kxf2 {[%clk 00:02:37]} {[%emt
00:00:04]} Rg3 {[%clk 00:00:18]} {[%emt 00:00:03]} 71. Rh7 {[%clk 00:02:29]}
{[%emt 00:00:13]} Rh3 {[%clk 00:00:22]} 72. Rg7 {[%clk 00:02:30]} {[%emt
00:00:02]} Rh6 {[%clk 00:00:19]} {[%emt 00:00:10]} 73. Rg2 {[%clk 00:02:25]}
{[%emt 00:00:08]} Kh3 {[%clk 00:00:20]} {[%emt 00:00:06]} 74. Rg1 {[%clk
00:02:22]} {[%emt 00:00:04]} Rf6+ {[%clk 00:00:23]} {[%emt 00:00:06]} 75. Ke3
{[%clk 00:02:26]} {[%emt 00:00:01]} Kh2 {[%clk 00:00:25]} {[%emt 00:00:04]} 76.
Ra1 {[%clk 00:02:25]} {[%emt 00:00:05]} Kg3 {[%clk 00:00:23]} {[%emt 00:00:07]}
77. Ke4 {[%clk 00:02:23]} {[%emt 00:00:07]} Rf4+ {[%clk 00:00:24]} {[%emt
00:00:05]} 78. Ke3 {[%clk 00:02:20]} {[%emt 00:00:07]} Rf8 {[%clk 00:00:26]}
{[%emt 00:00:04]} 79. Rg1 {[%clk 00:02:21]} {[%emt 00:00:02]} Kh4 {[%clk
00:00:28]} {[%emt 00:00:05]} 80. Ke4 {[%clk 00:02:17]} {[%emt 00:00:07]} Rf2
{[%clk 00:00:31]} {[%emt 00:00:04]} 81. Ke3 {[%clk 00:02:13]} {[%emt 00:00:09]}
Rf8 {[%clk 00:00:30]} {[%emt 00:00:05]} 82. Rh1+ {[%clk 00:02:15]} {[%emt
00:00:03]} Kg3 {[%clk 00:00:31]} {[%emt 00:00:04]} 83. Rg1 {[%clk 00:02:19]}
{[%emt 00:00:01]} Kh4 {[%clk 00:00:35]} {[%emt 00:00:02]} 84. Rh1+ {[%clk
00:02:23]} {[%emt 00:00:01]} Kg5 {[%clk 00:00:37]} {[%emt 00:00:03]} 85. Rg1+
{[%clk 00:02:27]} {[%emt 00:00:01]} Kh5 {[%clk 00:00:40]} {[%emt 00:00:01]} 86.
Rh1+ {[%clk 00:02:31]} Kg6 {[%clk 00:00:44]} {[%emt 00:00:03]} 87. Rg1+ {[%clk
00:02:35]} Kh7 {[%clk 00:00:47]} {[%emt 00:00:02]} 88. Rh1+ {[%clk 00:02:40]}
Kg7 {[%clk 00:00:50]} {[%emt 00:00:02]} 89. Rg1+ {[%clk 00:02:44]} Kf7 {[%clk
00:00:53]} {[%emt 00:00:03]} 90. Rf1+ {[%clk 00:02:48]} Ke7 {[%clk 00:00:56]}
{[%emt 00:00:02]} 91. Rxf8 {[%clk 00:02:43]} {[%emt 00:00:03]} Kxf8 {[%clk
00:00:56]} 92. Kd4 {[%emt 00:00:03]} Ke8 {[%emt 00:00:08]} 1/2-1/2

[Event "World Youth & Cadets Rapid Championships"]
[Site "Rhodes, Greece"]
[Date "2022.05.02"]
[Round "7.31"]
[White "Czarnecka, Lidia"]
[Black "Ruzic, Pia Marie"]
[Result "1/2-1/2"]
[TimeControl "10'/game & 5\"/move"]
[WhiteElo "1917"]
[BlackElo "1916"]

1. e4 {[%clk 00:10:09]} {[%emt 00:00:01]} e6 {[%clk 00:10:08]} {[%emt
00:00:01]} 2. d4 {[%clk 00:10:13]} {[%emt 00:00:01]} d5 {[%clk 00:10:12]}
{[%emt 00:00:01]} 3. e5 {[%clk 00:10:17]} {[%emt 00:00:01]} c5 {[%clk
00:10:16]} {[%emt 00:00:01]} 4. c3 {[%clk 00:10:22]} {[%emt 00:00:01]} Nc6
{[%clk 00:10:19]} {[%emt 00:00:01]} 5. Nf3 {[%clk 00:10:25]} {[%emt 00:00:02]}
Bd7 {[%clk 00:10:23]} {[%emt 00:00:01]} 6. Na3 {[%clk 00:10:29]} {[%emt
00:00:02]} cxd4 {[%clk 00:10:13]} {[%emt 00:00:14]} 7. cxd4 {[%clk 00:10:32]}
{[%emt 00:00:01]} Bxa3 {[%clk 00:10:17]} {[%emt 00:00:02]} 8. bxa3 {[%clk
00:10:35]} {[%emt 00:00:02]} f6 {[%clk 00:09:53]} {[%emt 00:00:29]} 9. Bd3
{[%clk 00:09:47]} {[%emt 00:00:52]} fxe5 {[%clk 00:07:46]} {[%emt 00:02:14]} 10.
dxe5 {[%clk 00:09:49]} {[%emt 00:00:02]} Qa5+ {[%clk 00:07:44]} {[%emt
00:00:07]} 11. Kf1 {[%clk 00:09:23]} {[%emt 00:00:31]} Nge7 {[%clk 00:07:10]}
{[%emt 00:00:39]} 12. Rb1 {[%clk 00:09:27]} Qc7 {[%clk 00:06:10]} {[%emt
00:01:06]} 13. Bb2 {[%clk 00:09:24]} {[%emt 00:00:07]} O-O-O {[%clk 00:05:51]}
{[%emt 00:00:24]} 14. Qe2 {[%clk 00:08:49]} {[%emt 00:00:39]} Rdg8 {[%clk
00:05:27]} {[%emt 00:00:31]} 15. g3 {[%clk 00:08:34]} {[%emt 00:00:19]} g5
{[%clk 00:05:30]} {[%emt 00:00:03]} 16. Rc1 {[%clk 00:08:18]} {[%emt 00:00:20]}
h5 {[%clk 00:05:22]} {[%emt 00:00:13]} 17. Kg2 {[%clk 00:08:18]} {[%emt
00:00:06]} g4 {[%clk 00:04:03]} {[%emt 00:01:24]} 18. Nd4 {[%clk 00:08:21]}
{[%emt 00:00:01]} Kb8 {[%clk 00:03:32]} {[%emt 00:00:36]} 19. Qe3 {[%clk
00:06:54]} {[%emt 00:01:32]} h4 {[%clk 00:03:05]} {[%emt 00:00:33]} 20. h3
{[%clk 00:06:22]} {[%emt 00:00:37]} hxg3 {[%clk 00:02:56]} {[%emt 00:00:13]} 21.
fxg3 {[%clk 00:06:24]} {[%emt 00:00:02]} gxh3+ {[%clk 00:02:46]} {[%emt
00:00:16]} 22. Rxh3 {[%clk 00:06:28]} Rxh3 {[%clk 00:02:47]} {[%emt 00:00:03]}
23. Kxh3 {[%clk 00:06:33]} {[%emt 00:00:01]} Nf5 {[%clk 00:02:33]} {[%emt
00:00:19]} 24. Nxf5 {[%clk 00:06:26]} {[%emt 00:00:12]} exf5 {[%clk 00:02:37]}
{[%emt 00:00:01]} 25. Kh2 {[%clk 00:06:19]} {[%emt 00:00:12]} f4 {[%clk
00:02:01]} {[%emt 00:00:41]} 26. Qxf4 {[%clk 00:06:15]} {[%emt 00:00:08]} Rh8+
{[%clk 00:02:04]} {[%emt 00:00:02]} 27. Kg2 {[%clk 00:06:08]} {[%emt 00:00:13]}
Bh3+ {[%clk 00:02:04]} {[%emt 00:00:05]} 28. Kg1 {[%clk 00:06:07]} {[%emt
00:00:06]} Qb6+ {[%clk 00:01:54]} {[%emt 00:00:15]} 29. Qf2 {[%clk 00:06:11]}
{[%emt 00:00:01]} Qd8 {[%clk 00:01:06]} {[%emt 00:00:53]} 30. Qf6 {[%emt
00:01:08]} Qb6+ {[%clk 00:00:58]} 31. Qf2 {[%clk 00:05:25]} Qd8 {[%clk
00:01:02]} {[%emt 00:00:01]} 32. Qf6 {[%clk 00:04:52]} {[%emt 00:00:38]} Qb6+
{[%clk 00:01:06]} {[%emt 00:00:01]} 33. Qf2 {[%clk 00:04:53]} {[%emt 00:00:03]}
Qd8 {[%clk 00:01:10]} 34. Bb5 {[%clk 00:03:40]} {[%emt 00:01:17]} Rf8 {[%clk
00:01:03]} {[%emt 00:00:13]} 35. Qc5 {[%clk 00:03:45]} Rg8 {[%clk 00:00:57]}
{[%emt 00:00:11]} 36. Qd6+ {[%clk 00:03:40]} {[%emt 00:00:09]} Qxd6 {[%clk
00:00:59]} {[%emt 00:00:03]} 37. exd6 Rxg3+ {[%clk 00:01:02]} 38. Kh2 {[%clk
00:03:49]} Rg2+ {[%clk 00:01:03]} {[%emt 00:00:05]} 39. Kxh3 {[%clk 00:03:53]}
Rxb2 {[%clk 00:01:06]} {[%emt 00:00:02]} 40. Bxc6 {[%clk 00:03:57]} bxc6 {[%clk
00:01:09]} {[%emt 00:00:03]} 41. Rxc6 {[%clk 00:04:01]} Rb7 {[%clk 00:01:03]}
{[%emt 00:00:11]} 42. Rc5 {[%emt 00:00:14]} Rd7 {[%clk 00:00:57]} {[%emt
00:00:01]} 43. Rxd5 {[%clk 00:04:08]} Kb7 {[%clk 00:01:01]} {[%emt 00:00:01]}
44. Kg4 {[%emt 00:00:08]} Kc6 {[%clk 00:01:05]} 45. Ra5 {[%clk 00:04:10]}
{[%emt 00:00:01]} Kxd6 {[%emt 00:00:10]} 46. Kf4 Re7 {[%clk 00:01:07]} 1/2-1/2